000 00616nam a2200217Ia 4500
003 OSt
005 20220923221614.0
006 a|||||r|||| 00| 0
007 ta
008 220922b |||||||| |||| 00| 0 hin d
024 _a198,550
037 _cTextual
040 _aARTS
_cARTS
_bhin
041 _2hin
_ahin
082 _aP152:4k, 152J0(RR)
100 _aनवल जी
245 0 _aनालन्दा विशाल शब्द सागर
246 _aNālandā vishāl shabda sāgara
942 _hP152:4k, 152J0(RR)
_cTEXL
_2CC
999 _c350375
_d350375